Представление документа в формате MARC21

Поле Инд. ПП Название Значение
Тип записи a
Библиографический уровень m
001 Контрольный номер RU/IS/BASE/264547426
005 Дата корректировки 20250424144911.2
008 Кодируемые данные 19971117
040 00 e Правила каталог. Л.М. 971117
084 a Индекс другой классификации/Индекс ББК 84(4Рум)6-44я43
090 00 a Полочн. индекс 84(4Рум)6-44я43
x Авторский знак С 568
097 00 a 210
245 00 a Заглавие Современная румынская повесть
b Продолж. заглавия сборник: перевод с румынского, венгерского
c Ответственность составители Т. Николеску, Н. Н. Романенко; предисловие В. Огнева; редактор Е. Орлова; художник С. Е. Ганнушкина
260 00 a Место издания Москва
b Издательство Прогресс
c Дата издания 1979
300 00 a Объем 512 с.
336 a Термин вида содержания Текст
337 a Термин типа средства непосредственный
440 _0 a Серия Библиотека литературы Социалистической Республики Румынии
504 a Библиография Справки об авт.: с. 507-509
505 0_ a Форматированное содержание Урума
b Автор Станку З.
505 0_ a Форматированное содержание Итог
b Автор Фулга Л.
505 0_ a Форматированное содержание Упрямец Лукач
b Автор Шютэ А.
505 0_ a Форматированное содержание Молчком
b Автор Лэнкрэнжан И.
505 0_ a Форматированное содержание Смерть Ипу
b Автор Попович Т.
505 0_ a Форматированное содержание Заброшенная сторожка
b Автор Нягу Ф.
505 0_ a Форматированное содержание Возвращение
b Автор Тител С.
650 04 a Основная рубрика художественная литература
653 00 a Ключевые слова XX век
a Ключевые слова Румыния
a Ключевые слова румынская литература
655 00 a Жанр/ форма (устаревшее) проза
a Жанр/ форма (устаревшее) повесть
700 12 a Автор Николеску Т.
e Роль лиц составитель
700 1_ a Автор Романенко Н. Н.
e Роль лиц составитель
700 1_ a Автор Огнев В.
e Роль лиц автор предисловия
700 1_ a Автор Орлова Е.
e Роль лиц редактор
700 1_ a Автор Ганнушкина С. Е.
e Роль лиц художник
901 t Тип документа m
952 a Тип литературы для КСУ ВШ ЛХИ